Conflicto Honduras-Nicaragua: claves necesarias /
محفوظ في:
| المؤلف الرئيسي: | |
|---|---|
| التنسيق: | نص |
| الوسوم: |
إضافة وسم
لا توجد وسوم, كن أول من يضع وسما على هذه التسجيلة!
|
MARC
| LEADER | 00000 a a2200000 04500 | ||
|---|---|---|---|
| 001 | 7119 | ||
| 003 | |||
| 040 | |||
| 100 | |a Zamora, Augusto | ||
| 245 | |a Conflicto Honduras-Nicaragua: |b claves necesarias / |c Augusto Zamora | ||
| 773 | |g volumen 19, número 214 -215; páginas 20-25 | ||
| 999 | |c 26481 |d 26481 | ||
